000 00957nam a2200289 i 4500
005 20220317001700.0
007 ta
008 210824r20142016ck a br p spa d spa
020 _a9789588841663
040 _aCO-BoRNBP
_bspa
_erda
_cCO-BoRNBP
041 0 _aspa
084 _aP DAC1
100 1 _aDa Coll, Ivar
_d1962-
_eautor
245 1 1 _a¡No, no fui yo!
_ctexto e ilustraciones Ivar Da Coll
250 _aPrimera edición
264 1 _aBogotá
_bBabel Libros
_c2014
_c2016
300 _a[34] páginas
_bilustraciones
_c18 cm
336 _atexto
_btxt
_2rdacontent
337 _asin mediación
_bn
_2rdamedia
338 _avolumen
_bnc
_2rdacarrier
521 _aRecomendado para niños desde los 3 años
650 1 7 _aPoesía infantil colombiana
_ySiglo XX
_2LEMB
650 1 7 _aLiteratura infantil colombiana
_ySiglo XX
_2LEMB
650 1 7 _aAutores colombianos
_ySiglo XX
_2LEMB
650 1 7 _aAmistad
_vPoesía
_2LEMB
942 _2loc
_cBKLIT
999 _c7763
_d7763